The lost dinosaurs of Egypt /

محفوظ في:

المؤلف الرئيسي: Nothdurft, William E. (مؤلف)

مؤلفون آخرون: Smith, Josh.

التنسيق: كتاب

اللغة: English

الطبعة: First Edition.

الموضوعات:

الوسوم: إضافة وسم

لا توجد وسوم, كن أول من يضع وسما على هذه التسجيلة!

رقم الطلب: QE862 .S3 N68 2003

LEADER 01324namaa2200337 4500
001 15346
003 OSt
005 20210726071445.0
008 130303s2003 nyuabf g b 001 0 eng d
952 |0 0  |1 0  |2 lcc  |4 0  |6 QE0862 S3 N68 02003  |7 1  |9 17144  |a ARCE  |b ARCE  |d 2021-07-26  |l 0  |o QE862 .S3 N68 2003  |p 1039194  |r 2021-07-26 00:00:00  |w 2021-07-26  |y BK 
999 |c 13974  |d 13974 
010 |a 2002075172 
020 |a 0375759794 
040 |c ARCE Library 
043 |a f-ua--- 
050 0 4 |a QE862 .S3 N68 2003 
100 1 |a Nothdurft, William E.,  |e author  |9 36981 
245 1 4 |a The lost dinosaurs of Egypt /  |c William Nothdurft, Josh Smith and others. 
250 |a First Edition. 
264 1 |a New York :  |b Random House,  |c 2003. 
300 |a 239 pages, [16] pages of plates :  |b illustrations, 1 map ;  |c 25 cm. 
504 |a Includes bibliographical references (pages [217]-221) and index. 
555 |a wafaa.lib. 
600 1 0 |a Stromer von Reichenbach, Ernst,‪  |c Freiherr,‪  |d 1871-1952.  |9 40603 
650 0 |a Dinosaurs  |z Egypt  |z Bahariya Oasis.  |9 7508 
650 0 |a Paleontological excavations  |z Egypt  |z Bahariya Oasis.  |9 7509 
650 0 |a Paleontological excavations  |z Egypt  |z Bahariya Oasis.  |9 7509 
650 0 |a Paralititan stromeri  |z Egypt  |z Bahariya Oasis.  |9 7510 
700 1 |a Smith, Josh.  |q (Josh B.) 
901 |a reviewed 
942 |c BK  |2 lcc